<?xml version="1.0" encoding="UTF-8"?>
<record
    xmlns:xsi="http://www.w3.org/2001/XMLSchema-instance"
    xsi:schemaLocation="http://www.loc.gov/MARC21/slim http://www.loc.gov/standards/marcxml/schema/MARC21slim.xsd"
    xmlns="http://www.loc.gov/MARC21/slim">

  <leader>01302nam a22003137a 4500</leader>
  <datafield tag="999" ind1=" " ind2=" ">
    <subfield code="c">177229</subfield>
    <subfield code="d">177229</subfield>
  </datafield>
  <controlfield tag="005">20210215155542.0</controlfield>
  <datafield tag="010" ind1=" " ind2=" ">
    <subfield code="a">ENG-128968-73</subfield>
  </datafield>
  <datafield tag="020" ind1=" " ind2=" ">
    <subfield code="c">483.16 (Book 1) (Rs. 2899.00 for full Set of 6 books)</subfield>
    <subfield code="a">978-81-265-6627-3</subfield>
  </datafield>
  <datafield tag="020" ind1=" " ind2=" ">
    <subfield code="c">483.16 (Book 1) (Rs. 2899.00 for full Set of 6 books)</subfield>
    <subfield code="a">978-81-265-6627-3</subfield>
  </datafield>
  <datafield tag="020" ind1=" " ind2=" ">
    <subfield code="c">483.16 (Book 1) (Rs. 2899.00 for full Set of 6 books)</subfield>
    <subfield code="a">978-81-265-6627-3</subfield>
  </datafield>
  <datafield tag="020" ind1=" " ind2=" ">
    <subfield code="c">483.16 (Book 1) (Rs. 2899.00 for full Set of 6 books)</subfield>
    <subfield code="a">978-81-265-6628-0</subfield>
  </datafield>
  <datafield tag="020" ind1=" " ind2=" ">
    <subfield code="c">483.16 (Book 1) (Rs. 2899.00 for full Set of 6 books)</subfield>
    <subfield code="a">978-81-265-6628-0</subfield>
  </datafield>
  <datafield tag="020" ind1=" " ind2=" ">
    <subfield code="c">483.16 (Book 1) (Rs. 2899.00 for full Set of 6 books)</subfield>
    <subfield code="a">978-81-265-6628-0</subfield>
  </datafield>
  <datafield tag="035" ind1=" " ind2=" ">
    <subfield code="a">EN-112500 (Book. 1)</subfield>
  </datafield>
  <datafield tag="035" ind1=" " ind2=" ">
    <subfield code="a">EN-112501 (Book 2)</subfield>
  </datafield>
  <datafield tag="035" ind1=" " ind2=" ">
    <subfield code="a">EN-112502 (Book 3)</subfield>
  </datafield>
  <datafield tag="035" ind1=" " ind2=" ">
    <subfield code="a">EN-112503 (Book 4)</subfield>
  </datafield>
  <datafield tag="035" ind1=" " ind2=" ">
    <subfield code="a">EN-112504 (Book 5)</subfield>
  </datafield>
  <datafield tag="035" ind1=" " ind2=" ">
    <subfield code="a">EN-112505 (Book 6)</subfield>
  </datafield>
  <datafield tag="037" ind1=" " ind2=" ">
    <subfield code="b">DBAD/PUB</subfield>
  </datafield>
  <datafield tag="082" ind1=" " ind2=" ">
    <subfield code="a">530</subfield>
  </datafield>
  <datafield tag="245" ind1=" " ind2=" ">
    <subfield code="a">Physics for JEE Main and Advanced </subfield>
  </datafield>
  <datafield tag="250" ind1=" " ind2=" ">
    <subfield code="a">2nd</subfield>
  </datafield>
  <datafield tag="260" ind1=" " ind2=" ">
    <subfield code="a">New Delhi</subfield>
    <subfield code="b">Wiley India Pvt. Ltd.</subfield>
    <subfield code="c">2017</subfield>
  </datafield>
  <datafield tag="270" ind1=" " ind2=" ">
    <subfield code="b">New Delhi</subfield>
    <subfield code="a">4435-36/7, Ansari Road, Daryaganj</subfield>
    <subfield code="e">110002</subfield>
    <subfield code="k">1143630000</subfield>
    <subfield code="l">112375895</subfield>
    <subfield code="m">csupport@gmail.com</subfield>
  </datafield>
  <datafield tag="300" ind1=" " ind2=" ">
    <subfield code="a">various pages.</subfield>
    <subfield code="c">28cm(pbk)</subfield>
  </datafield>
  <datafield tag="490" ind1=" " ind2=" ">
    <subfield code="v">Book 1-3 for Class 11; Book 4-6 for Class 12</subfield>
  </datafield>
  <datafield tag="942" ind1=" " ind2=" ">
    <subfield code="2">ddc</subfield>
    <subfield code="c">EN</subfield>
    <subfield code="h">530</subfield>
    <subfield code="m">PHY</subfield>
  </datafield>
  <datafield tag="952" ind1=" " ind2=" ">
    <subfield code="0">0</subfield>
    <subfield code="1">0</subfield>
    <subfield code="3">Book 1</subfield>
    <subfield code="4">0</subfield>
    <subfield code="7">0</subfield>
    <subfield code="8">NFIC</subfield>
    <subfield code="a">AV</subfield>
    <subfield code="b">AV</subfield>
    <subfield code="d">2021-02-15</subfield>
    <subfield code="e">DBAD/PUB</subfield>
    <subfield code="g">483.16</subfield>
    <subfield code="l">9</subfield>
    <subfield code="o">530 PHY</subfield>
    <subfield code="p">EN-112500</subfield>
    <subfield code="r">2025-01-23 00:00:00</subfield>
    <subfield code="s">2024-09-03</subfield>
    <subfield code="t">1</subfield>
    <subfield code="v">483.16</subfield>
    <subfield code="y">EN</subfield>
  </datafield>
  <datafield tag="952" ind1=" " ind2=" ">
    <subfield code="0">0</subfield>
    <subfield code="1">0</subfield>
    <subfield code="3">Book 2</subfield>
    <subfield code="4">0</subfield>
    <subfield code="7">0</subfield>
    <subfield code="8">NFIC</subfield>
    <subfield code="a">AV</subfield>
    <subfield code="b">AV</subfield>
    <subfield code="d">2021-02-15</subfield>
    <subfield code="e">DBAD/PUB</subfield>
    <subfield code="g">483.16</subfield>
    <subfield code="l">4</subfield>
    <subfield code="o">530 PHY</subfield>
    <subfield code="p">EN-112501</subfield>
    <subfield code="r">2023-10-06 00:00:00</subfield>
    <subfield code="s">2023-10-05</subfield>
    <subfield code="t">1</subfield>
    <subfield code="v">483.16</subfield>
    <subfield code="w">2021-02-15</subfield>
    <subfield code="y">EN</subfield>
  </datafield>
  <datafield tag="952" ind1=" " ind2=" ">
    <subfield code="0">0</subfield>
    <subfield code="1">0</subfield>
    <subfield code="3">Book 3</subfield>
    <subfield code="4">0</subfield>
    <subfield code="7">0</subfield>
    <subfield code="8">NFIC</subfield>
    <subfield code="a">AV</subfield>
    <subfield code="b">AV</subfield>
    <subfield code="d">2021-02-15</subfield>
    <subfield code="e">DBAD/PUB</subfield>
    <subfield code="g">483.16</subfield>
    <subfield code="l">4</subfield>
    <subfield code="o">530 PHY</subfield>
    <subfield code="p">EN-112502</subfield>
    <subfield code="r">2023-10-19 00:00:00</subfield>
    <subfield code="s">2023-10-05</subfield>
    <subfield code="t">1</subfield>
    <subfield code="v">483.16</subfield>
    <subfield code="w">2021-02-15</subfield>
    <subfield code="y">EN</subfield>
  </datafield>
  <datafield tag="952" ind1=" " ind2=" ">
    <subfield code="0">0</subfield>
    <subfield code="1">0</subfield>
    <subfield code="3">Book 4</subfield>
    <subfield code="4">0</subfield>
    <subfield code="7">0</subfield>
    <subfield code="8">NFIC</subfield>
    <subfield code="a">AV</subfield>
    <subfield code="b">AV</subfield>
    <subfield code="d">2021-02-15</subfield>
    <subfield code="e">DBAD/PUB</subfield>
    <subfield code="g">483.16</subfield>
    <subfield code="l">1</subfield>
    <subfield code="o">530 PHY</subfield>
    <subfield code="p">EN-112503</subfield>
    <subfield code="r">2024-08-29 00:00:00</subfield>
    <subfield code="s">2024-08-17</subfield>
    <subfield code="t">1</subfield>
    <subfield code="v">483.16</subfield>
    <subfield code="y">EN</subfield>
  </datafield>
  <datafield tag="952" ind1=" " ind2=" ">
    <subfield code="0">0</subfield>
    <subfield code="1">0</subfield>
    <subfield code="3">Book 5</subfield>
    <subfield code="4">0</subfield>
    <subfield code="7">0</subfield>
    <subfield code="8">NFIC</subfield>
    <subfield code="a">AV</subfield>
    <subfield code="b">AV</subfield>
    <subfield code="d">2021-02-15</subfield>
    <subfield code="e">DBAD/PUB</subfield>
    <subfield code="g">483.16</subfield>
    <subfield code="l">2</subfield>
    <subfield code="o">530 PHY</subfield>
    <subfield code="p">EN-112504</subfield>
    <subfield code="r">2023-12-27 00:00:00</subfield>
    <subfield code="s">2023-12-14</subfield>
    <subfield code="t">1</subfield>
    <subfield code="v">483.16</subfield>
    <subfield code="w">2021-02-15</subfield>
    <subfield code="y">EN</subfield>
  </datafield>
  <datafield tag="952" ind1=" " ind2=" ">
    <subfield code="0">0</subfield>
    <subfield code="1">0</subfield>
    <subfield code="3">Book 6</subfield>
    <subfield code="4">0</subfield>
    <subfield code="7">0</subfield>
    <subfield code="8">NFIC</subfield>
    <subfield code="a">AV</subfield>
    <subfield code="b">AV</subfield>
    <subfield code="d">2021-02-15</subfield>
    <subfield code="e">DBAD/PUB</subfield>
    <subfield code="g">483.16</subfield>
    <subfield code="l">0</subfield>
    <subfield code="o">530 PHY</subfield>
    <subfield code="p">EN-112505</subfield>
    <subfield code="r">2021-02-15 00:00:00</subfield>
    <subfield code="t">1</subfield>
    <subfield code="v">483.16</subfield>
    <subfield code="w">2021-02-15</subfield>
    <subfield code="y">EN</subfield>
  </datafield>
</record>
